Advanced Real Analysis: [electronic resource] : Along with a companion volume Basic Real Analysis (Record no. 7539)
[ view plain ]
| 000 -LEADER | |
|---|---|
| fixed length control field | 01229 a2200241 4500 |
| 020 ## - INTERNATIONAL STANDARD BOOK NUMBER | |
| International Standard Book Number | 978-0-8176-4442-0 |
| 040 ## - CATALOGING SOURCE | |
| Original cataloging agency | DLC |
| Language of cataloging | DLC |
| 082 ## - DEWEY DECIMAL CLASSIFICATION NUMBER | |
| Classification number | 515 |
| 100 1# - MAIN ENTRY--PERSONAL NAME | |
| Personal name | Knapp, Anthony W. |
| 245 10 - TITLE STATEMENT | |
| Title | Advanced Real Analysis: [electronic resource] : Along with a companion volume Basic Real Analysis |
| Medium | [electronic resource] : |
| Remainder of title | Along with a companion volume Basic Real Analysis |
| Statement of responsibility, etc. | Anthony W. Knapp ; edited by Charles L. Epstein, Steven G. Krantz. |
| 260 ## - PUBLICATION, DISTRIBUTION, ETC. | |
| Place of publication, distribution, etc. | Boston, MA : |
| Name of publisher, distributor, etc. | Anthony W. Knapp, |
| Date of publication, distribution, etc. | 2005. |
| 300 ## - PHYSICAL DESCRIPTION | |
| Other physical details | v.: digital |
| 440 #0 - SERIES STATEMENT/ADDED ENTRY--TITLE | |
| Title | Cornerstones |
| 650 #0 - SUBJECT ADDED ENTRY--TOPICAL TERM | |
| Topical term or geographic name entry element | Mathematical analysis |
| 650 #0 - SUBJECT ADDED ENTRY--TOPICAL TERM | |
| Topical term or geographic name entry element | Matematisk analys |
| 700 1# - ADDED ENTRY--PERSONAL NAME | |
| Personal name | Epstein, Charles L. |
| 700 1# - ADDED ENTRY--PERSONAL NAME | |
| Personal name | Krantz, Steven G. |
| 710 2# - ADDED ENTRY--CORPORATE NAME | |
| Corporate name or jurisdiction name as entry element | SpringerLink (Online service) |
| 856 40 - ELECTRONIC LOCATION AND ACCESS | |
| Uniform Resource Identifier | <a href="http://www.lub.lu.se/cgi-bin/ipchk/http://dx.doi.org/10.1007/0-8176-4442-3">http://www.lub.lu.se/cgi-bin/ipchk/http://dx.doi.org/10.1007/0-8176-4442-3</a> |
| 856 40 - ELECTRONIC LOCATION AND ACCESS | |
| Uniform Resource Identifier | <a href="http://link.libris.kb.se/sfxumub?url_ver=Z39.88-2004&ctx_ver=Z39.88-2004&ctx_enc=info:ofi/enc:UTF-8&rfr_id=info:sid/sfxit.com:opac_856&url_ctx_fmt=info:ofi/fmt:kev:mtx:ctx&sfx.ignore_date_threshold=1&rft.object_id=1000000000491928&svc_val_fmt=info:ofi/fmt:kev:mtx:sch_svc&">http://link.libris.kb.se/sfxumub?url_ver=Z39.88-2004&ctx_ver=Z39.88-2004&ctx_enc=info:ofi/enc:UTF-8&rfr_id=info:sid/sfxit.com:opac_856&url_ctx_fmt=info:ofi/fmt:kev:mtx:ctx&sfx.ignore_date_threshold=1&rft.object_id=1000000000491928&svc_val_fmt=info:ofi/fmt:kev:mtx:sch_svc&</a> |
| 856 40 - ELECTRONIC LOCATION AND ACCESS | |
| Uniform Resource Identifier | <a href="http://ezproxy.its.uu.se/login?url=http://dx.doi.org/10.1007/0-8176-4442-3">http://ezproxy.its.uu.se/login?url=http://dx.doi.org/10.1007/0-8176-4442-3</a> |
| 942 ## - ADDED ENTRY ELEMENTS (KOHA) | |
| Koha item type | Book |
| Call number prefix | 515 KNA |
| Source of classification or shelving scheme | |
| Withdrawn status | Lost status | Damaged status | Not for loan | Collection code | Permanent Location | Current Location | Shelving location | Date acquired | Source of acquisition | Cost, normal purchase price | Total Checkouts | Full call number | Barcode | Date last seen | Price effective from | Koha item type |
|---|---|---|---|---|---|---|---|---|---|---|---|---|---|---|---|---|
| Central Library (CL) | Central Library (CL) | General Stacks | 03/10/2006 | A&J DEF Tek Consultant | 3639.16 | 515 KNA | SEECS007080 | 11/14/2012 | 01/05/2017 | Book |
